000 00413nmm a2200145Ia 4500
008 251105s9999||||xx |||||||||||||||||und||
041 _aspa
100 _aAurensanz, Carlos
245 0 _aBanu Qasi. La hora del Califa
264 _a[Madrid, España] :
_bEdiciones B,
_c2015
300 _a680 páginas
650 _aHistorical fiction
856 _uhttps://public.digitaliapublishing.com/a/52811
942 _cCF
999 _c105717
_d105717